000 004530000a22001810004500
003 MACL
005 20151007163007.0
008 151007b xxu||||| |||| 00| 0 eng d
040 _aMACL
_cMACL
041 _aEnglish
082 _a920
100 _aPyarelal
_914107
245 _aMahatma Gandhi
_bThe Last Phase Volume 01
260 _bNavajivan Publishing House
_c1956
_aAhmedabad
350 _a40
650 _aBiography
_914108
942 _cBK
_k920
_2ddc
999 _c5837
_d5837